Direito concorrencial e regulação econômica / (Record no. 370)

MARC details
000 -LÍDER
Campo Fixo de Controle 00957nam a2200277 a 4500
001 - NÚMERO DE CONTROLE
Campo de Controle 370
003 - IDENTIFICAÇÃO DO NÚMERO DE CONTROLE
Campo de Controle BR-CuiBMT
005 - DATA E HORA DA ÚLTIMA ATUALIZAÇÃO
Campo de Controle 20231122003051.0
008 - DADOS FIXOS
Dados Fixos 231102s2010 mgba 001 0 por d
020 ## - INTERNATIONAL STANDARD BOOK NUMBER
Nº do ISBN 9788577002917
040 ## - AGÊNCIA CATALOGADORA
Código da Agência Catalogadora BR-CuiBMT
Agência que transcreveu o registro BR-CuiBMT
080 ## - Nº DA CLASSIFICAÇÃO DECIMAL UNIVERSAL
Nº edição CDU 2007
Nº Class. CDU 346.1
090 ## - NÚMERO DE CHAMADA
Nº classificação 346.1
Cutter D598
245 00 - TÍTULO PRINCIPAL
Título principal Direito concorrencial e regulação econômica /
Indicação de responsabilidade Egon Bockmann Moreira, Paulo Todescan Lessa Mattos, coordenadores ; [autores: Alexandre Wagner Nester ... et al.].
260 ## - PUBLICAÇÃO, DISTRIBUIÇÃO, ETC.
Local de publicação Belo Horizonte :
Editora Fórum,
Data 2010.
300 ## - DESCRIÇÃO FÍSICA
N. páginas ou volumes 523 p. :
Ilustrações il. ;
Dimensões 22 cm
504 ## - NOTA DE BIBLIOGRAFIA, ETC.
Nota de bibliografia Inclui bibliografia e índice.
650 ## - ASSUNTO TÓPICO
Cabeçalho tópico ou nome geográfico Direito concorrencial
Subdivisão geográfica Brasil
650 ## - ASSUNTO TÓPICO
Cabeçalho tópico ou nome geográfico Direito econômico
Subdivisão geográfica Brasil
650 ## - ASSUNTO TÓPICO
Cabeçalho tópico ou nome geográfico Concorrência
Subdivisão geográfica Brasil
650 ## - ASSUNTO TÓPICO
Cabeçalho tópico ou nome geográfico Economia
Subdivisão geral Regulação
700 1# - ENTRADA SECUNDÁRIA -- NOME PESSOAL
Nome pessoal Moreira, Egon Bockmann
Cód. do termo explicativo coord.
700 1# - ENTRADA SECUNDÁRIA -- NOME PESSOAL
Nome pessoal Mattos, Paulo Todescan Lessa
Cód. do termo explicativo coord.
700 1# - ENTRADA SECUNDÁRIA -- NOME PESSOAL
Nome pessoal Nester, Alexandre Wagner
Termo de relação et al.
-- autores
942 ## - ELEMENTOS DE ENTRADA ADICIONAIS (KOHA)
Fonte de classificação ou esquema de arquivamento Classificação Decimal Universal
Tipo de item do Koha Livros
Holdings
Estado: removido Estado: perdido Fonte de classificação ou esquema de arquivamento Estado: danificado Indisponível para empréstimo Localização permanente Localização atual Data de aquisição Total Checkouts Número de Chamada completo Código de barras Date last seen Número do exemplar Preço efetivo a partir de Tipo de item (Koha)
    Classificação Decimal Universal     Biblioteca da Escola Superior de Contas do TCE/MT Biblioteca da Escola Superior de Contas do TCE/MT 31/07/2019   346.1 D598 BIBTCEMT23110067 02/11/2023 Ex. 1 02/11/2023 Livros
    Classificação Decimal Universal     Biblioteca da Escola Superior de Contas do TCE/MT Biblioteca da Escola Superior de Contas do TCE/MT 31/07/2019   346.1 D598 BIBTCEMT23110068 02/11/2023 Ex. 2 02/11/2023 Livros

Powered by Koha